000 00626nam a2200229 a 4500
001 1949884
003 AM-YEHGA
005 20250617164832.0
008 240412s1933 fr |||||||||||||||0|fre|d
040 _aAM-YeHGA
041 0 _afre
100 1 _aMineur, Henri
245 1 2 _aL'univers en expansion /
_cPar Henri Mineur.
260 _aParis :
_bHermann & Cie, Éditeurs,
_c1933.
300 _a41 p.
440 0 _aActualités scientifiques et industrielles ;
_v63
440 0 _aExposés de Physique théorique ;
_vVIII
650 1 4 _aCosmology
650 1 4 _aRelativity (Physics)
942 _2udc
_cBK
090 _c569003
999 _c530323
_d530323